| 000 -LEADER |
| fixed length control field |
00725nam a22001937a 4500 |
| 005 - DATE AND TIME OF LATEST TRANSACTION |
| control field |
20251205094054.0 |
| 008 - FIXED-LENGTH DATA ELEMENTS--GENERAL INFORMATION |
| fixed length control field |
251205b ||||| |||| 00| 0 eng d |
| 020 ## - INTERNATIONAL STANDARD BOOK NUMBER |
| International Standard Book Number |
9780807583050 |
| 040 ## - CATALOGING SOURCE |
| Transcribing agency |
KH8 |
| 082 ## - DEWEY DECIMAL CLASSIFICATION NUMBER |
| Classification number |
297.3 WHI |
| 100 ## - MAIN ENTRY--PERSONAL NAME |
| Personal name |
WHITMAN,SYLVIA |
| Relator term |
AUTHOR |
| 245 ## - TITLE STATEMENT |
| Title |
Under the Ramadan Moon |
| 260 ## - PUBLICATION, DISTRIBUTION, ETC. |
| Name of publisher, distributor, etc. |
Albert Whitman & Company |
| Date of publication, distribution, etc. |
2008 |
| 300 ## - PHYSICAL DESCRIPTION |
| Extent |
unpaged |
| Other physical details |
colour illustration |
| Dimensions |
20 cm x 25 cm |
| 520 ## - SUMMARY, ETC. |
| Summary, etc. |
Ramadan is one of the most special months of the Islamic year, when Muslims pray, fast, and help those in need. Whitman's lyrical story, with luminous illustrations by Sue Williams, serves as an ideal introduction to Ramadan. |
| 650 ## - SUBJECT ADDED ENTRY--TOPICAL TERM |
| Topical term or geographic name entry element |
Juvenile Literature |
| 655 ## - INDEX TERM--GENRE/FORM |
| Genre/form data or focus term |
Religion |
| 942 ## - ADDED ENTRY ELEMENTS (KOHA) |
| Source of classification or shelving scheme |
|
| Koha item type |
Books - Non Ficton |